After the deluge (Record no. 172648)

MARC details
000 -LEADER
campo de control de longitud fija 00786nam a2200229 i 4500
001 - NÚMERO DE CONTROL
campo de control 172648
003 - IDENTIFICADOR DE NÚMERO DE CONTROL
campo de control ES-MaACL
005 - FECHA Y HORA DE LA ÚLTIMA TRANSACCIÓN
campo de control 20250805062552.0
008 - DATOS DE LONGITUD FIJA--INFORMACIÓN GENERAL
campo de control de longitud fija 090806s1937 xxk |||| | eng d
080 ## - NÚMERO DE LA CLASIFICACIÓN DECIMAL UNIVERSAL
Número de la Clasificación Decimal Universal 355.01:159.922.4
100 1# - ENTRADA PRINCIPAL--NOMBRE DE PERSONA
Nombre de persona Woolf, Leonard.
9 (RLIN) 117357
245 10 - MENCIÓN DEL TÍTULO
Título After the deluge
Resto del título : a study of communal psychology /
Mención de responsabilidad, etc. by Leonard Woolf.
260 ## - PUBLICACIÓN, DISTRIBUCIÓN, ETC.
Lugar de publicación, distribución, etc. Harmondsworth, Middlesex :
Nombre del editor, distribuidor, etc. Penguin Books Limited,
Fecha de publicación, distribución, etc. 1937.
300 ## - DESCRIPCIÓN FÍSICA
Extensión XVI, 278 p. ;
Dimensiones 18 cm.
490 1# - MENCIÓN DE SERIE
Mención de serie Pelican books ;
Designación de volumen o secuencia A18
500 ## - NOTA GENERAL
Nota general Índices.
650 04 - PUNTO DE ACCESO ADICIONAL DE MATERIA--TÉRMINO DE MATERIA
Término de materia o nombre geográfico como elemento de entrada Guerra-
Subdivisión general Aspectos psicológicos.
9 (RLIN) 141146
650 #4 - PUNTO DE ACCESO ADICIONAL DE MATERIA--TÉRMINO DE MATERIA
Término de materia o nombre geográfico como elemento de entrada Política-
Subdivisión general Filosofía
9 (RLIN) 16274
830 0# - PUNTO DE ACCESO ADICIONAL DE SERIE-TÍTULO UNIFORME
Título uniforme Pelican books ;
Designación de volumen o secuencia A18
9 (RLIN) 189094
852 4# - LOCALIZACIÓN
Ubicación ES-MaACL
Número de control de estantería E-12935
itemnumber R.139333
Nota libre . - Biblioteca Jacinto Martínez Lacalle
Holdings
Estatus retirado Estado de pérdida Estado de daño No para préstamo Biblioteca de origen Biblioteca actual Ubicación en estantería Fecha de adquisición Fuente de adquisición Total de préstamos Signatura topográfica completa Código de barras Visto por última vez Precio de reemplazo Tipo de ítem Koha
        Biblioteca del Ateneo de Madrid Biblioteca del Ateneo de Madrid Depósito 2 06/08/2009     E-12935 1181177 23/02/2023 23/02/2023 Libro impreso